International financial management / (Record no. 21232)

000 -LEADER
fixed length control field 00478pam a2200169 a 4500
020 ## - INTERNATIONAL STANDARD BOOK NUMBER
ISBN 0134729692
040 ## - CATALOGING SOURCE
Transcribing agency DLC
082 00 - DEWEY DECIMAL CLASSIFICATION NUMBER
Classification number 658 INTE 1984 C275 Or.
100 1# - MAIN ENTRY--AUTHOR NAME
Personal name Rodriguez, Rita M.,
245 10 - TITLE STATEMENT
Title International financial management /
250 ## - EDITION STATEMENT
Edition statement 3rd ed.
260 ## - PUBLICATION, DISTRIBUTION, ETC. (IMPRINT)
Place of publication Englewood Cliffs, N.J. :
Name of publisher Prentice-Hall,
Year of publication c1984.
300 ## - PHYSICAL DESCRIPTION
Number of Pages xvii, 638 p. :
Other physical details ill. ;
Dimensions 24 cm.
650 #0 - SUBJECT ADDED ENTRY--TOPICAL TERM
Topical Term International finance.
650 #0 - SUBJECT ADDED ENTRY--TOPICAL TERM
Topical Term International business enterprises
942 ## - ADDED ENTRY ELEMENTS (KOHA)
Koha item type ADB
952 ## - LOCATION AND ITEM INFORMATION (KOHA)
Withdrawn status [LOCAL, KOHA] 0
Holdings
Permanent Location Date acquired Koha item type Lost status Shelving location Barcode Current Location Full call number
Library Block C2023-03-29ADB C275a071743Library Block C658 INTE 1984 C275 Or.
មជ្ឈមណ្ឌលឯការនៃសាកលវិទ្យាល័យភូមិន្ទកសិកម្មចំការដូង

Powered by Koha